Trên con đường tơ lụa Nam Á Du ký
Ghi lại những trải nghiệm của tác giả về các vùng đất dọc theo con đường tơ lụa: Bangladesh, New Delhi, Kabul, Bamyan, Herat, Varanasi
Đã lưu trong:
| Tác giả chính: | |
|---|---|
| Định dạng: | Sách |
| Ngôn ngữ: | Undetermined |
| Được phát hành: |
H.
Thế giới; Công ty Sách Phương Nam
2018
|
| Những chủ đề: | |
| Truy cập trực tuyến: | http://lrc.tdmu.edu.vn/opac/search/detail.asp?aID=2&ID=35206 |
| Các nhãn: |
Thêm thẻ
Không có thẻ, Là người đầu tiên thẻ bản ghi này!
|
| Thư viện lưu trữ: | Trung tâm Học liệu Trường Đại học Thủ Dầu Một |
|---|
| LEADER | 00833nam a2200217Ia 4500 | ||
|---|---|---|---|
| 001 | TDMU_35206 | ||
| 008 | 210410s9999 xx 000 0 und d | ||
| 082 | |a 634.9 | ||
| 090 | |b NG527 | ||
| 100 | |a Nguyễn, Chí Linh | ||
| 245 | 0 | |a Trên con đường tơ lụa Nam Á | |
| 245 | 0 | |b Du ký | |
| 245 | 0 | |c Nguyễn Chí Linh | |
| 260 | |a H. | ||
| 260 | |b Thế giới; Công ty Sách Phương Nam | ||
| 260 | |c 2018 | ||
| 300 | |a 336tr. | ||
| 520 | |a Ghi lại những trải nghiệm của tác giả về các vùng đất dọc theo con đường tơ lụa: Bangladesh, New Delhi, Kabul, Bamyan, Herat, Varanasi | ||
| 650 | |a Du hành |z Nam Á | ||
| 856 | |u http://lrc.tdmu.edu.vn/opac/search/detail.asp?aID=2&ID=35206 | ||
| 980 | |a Trung tâm Học liệu Trường Đại học Thủ Dầu Một | ||